| 000 | 00623nam a2200169 i 4500 | ||
|---|---|---|---|
| 001 | 104782 | ||
| 003 | ES-MaACL | ||
| 005 | 20230906183702.0 | ||
| 007 | t| | ||
| 008 | 051212s1947 sp ||||1| spa d | ||
| 100 | 1 |
_aMiralles de Imperial y Gómez, Claudio. _981499 |
|
| 245 | 1 | 0 |
_aDon Jorge Juan y Santacilia (1725, 1730, 1745, 1747) _b: breve aportación documental / _cClaudio Miralles de Imperial y Gómez. |
| 260 |
_aMadrid : _b[s.n.], _c1947. |
||
| 300 |
_a18 p. ; _c24 cm. |
||
| 500 | _aEs tirada aparte de la Revista de Indias Nº 27 (enero-marzo 1947). pág. 127-142. | ||
| 852 |
_aES-MaACL _j1875-F-17 _bR.25208 |
||
| 999 |
_c104782 _d104782 |
||